000
00187 a2200097 4500
001
8267
100
_a
Dickens, C
245
_a
Bleak House
260
_a
_b
Oxford
_c
090
_c
6649
_d
6649
942
_a
NUST-CAE
_c
M
_c
33210
999
_c
243340
_d
243340